000
00304nam a2200133Ia 4500
005
20260326235451.0
008
260326s9999||||xx |||||||||||||| ||und||
100
_a
Cemex
245
0
_a
XVI Premio Obras Cemex /
_c
Cemex
260
_b
Cemex
300
_a
328 p.
650
_a
ARQUITECTURA CIVIL
942
_c
BK
999
_c
7768
_d
7768